01835ngm a22001811i 450000100060000009000100000610000410001620000230005710100080008021500470008830000720013533011530020770000230136021000420138399601090142599000150153499501040154924446 a24446 a20120424u u u0frey50 ba1 aUm homem à parte0 ceng d1 DVD (aprox. 105 minutos) : color.; 19 cm aNº do registo 1283/2003. - M/ 16 anos. - Legendado em Português aElenco: Vin Diesel, Timothy Olyphant, Larenz Tate, Jacqueline Obradors, Gino Silva, Steve Eastin, Juan Fernadez, Jeff Kober, Mike Moroff, Emilio Rivera Sinopse: Quando lhe tiraram a mulher amada... tiraram-lhe a vida. Agora, ele está pronto a recuperá-la. Vin Diesel (XXX ? Missão Radical e Velocidade Furiosa) tem um desempenho explosivo no papel do volátil agente da DEA Sean Vetter, antigo membro de um gang de Los Angeles cujo conhecimento da vida nas ruas o tornou no perfeito agente de narcóticos infiltrado. Juntamente com o seu parceiro Demetrius Hicks (Larenz Tate, Biker Boyz), Vetter consegue prender o maior barão da droga mexicano. Um outro traficante impiedoso chamado Diablo consegue assumir o controlo do império da cocaína. Para assinalar a sua chegada, ordena um ataque a Vetter. Apesar de o agente conseguir escapar com vida, a sua bela mulher (Jacqueline Obradors, A Balada de Nova Iorque) é morta no fogo cruzado. Jurando vingança, Vetter faz um acordo para conseguir obter informações sobre Diablo e dispõe-se a fazer justiça pelas próprias mãos, neste emocionante thriller cheio de acção. 1aGarybF. Gary4370 cPrisvideoaS. João da Madeirad2003 f0015600kGARuM/ 16 anosm00000000n00000000aBMVAb1vViana do AlentejoxDVDs / CD-Romsy106eDVD1031 cFILMES DVD 0010933293bBMVAdBMVAeDVDs / CD-Romsf0000010VIkGARo0rFILMES DVDuM/ 16 anosaBMVAcBMVAq106